[Event "Tradewise Gibraltar Masters 16th"]
[Site "Gibraltar"]
[Date "2018.01.25"]
[Round "3.131"]
[White "Opasiak, Dustin Tennessee"]
[Black "Bolt, Graham"]
[Result "0-1"]
[WhiteElo "1797"]
[BlackElo "2094"]
[PlyCount "106"]
[EventDate "2018.01.23"]
[EventType "swiss"]
[EventRounds "10"]
[EventCountry "GGB"]
[SourceTitle "BritBase"]
[Source "www.saund.co.uk"]
[SourceDate "2018.02.10"]
[SourceVersion "1"]
[SourceVersionDate "2018.02.10"]
[SourceQuality "1"]

1. Nf3 g6 2. g3 Bg7 3. Bg2 e5 4. d3 d5 5. O-O Ne7 6. e4 d4 7. Nbd2 c5 8. Nc4
Nbc6 9. a4 O-O 10. h3 Be6 11. b3 Qd7 12. Ng5 Bxc4 13. bxc4 h6 14. Nf3 Nb4 15.
g4 a6 16. Nh4 b5 17. axb5 axb5 18. Rxa8 Rxa8 19. cxb5 Qxb5 20. f4 exf4 21. Bxf4
Ra6 22. g5 h5 23. Bd2 Nec6 24. Bxb4 cxb4 25. Nf3 Qc5 26. Qb1 Qc3 27. Qb3 Qxb3
28. cxb3 Ne5 29. Rc1 Rc6 30. Rxc6 Nxc6 31. Kf2 Na5 32. Nd2 Nb7 33. h4 Nc5 34.
Bf1 Bf8 35. e5 Bg7 36. Ne4 Nxb3 37. Nf6+ Kf8 38. Ke2 Nc5 39. Kd2 b3 40. Kc1 Ke7
41. Kb2 Ke6 42. Bh3+ Kxe5 43. Nd7+ Nxd7 44. Bxd7 Kd6 45. Be8 Ke7 46. Bc6 Be5
47. Kxb3 Bg3 48. Kc4 Bxh4 49. Kxd4 Bxg5 50. Ke5 Bh4 51. d4 Bg3+ 52. Ke4 Bd6 53.
Kf3 f5 0-1

[Event "Tradewise Gibraltar Masters 16th"]
[Site "Gibraltar"]
[Date "2018.01.25"]
[Round "3.132"]
[White "Cholleti, Sahajasri"]
[Black "Gravett, Alan D"]
[Result "1-0"]
[WhiteElo "2083"]
[BlackElo "1825"]
[PlyCount "57"]
[EventDate "2018.01.23"]
[EventType "swiss"]
[EventRounds "10"]
[EventCountry "GGB"]
[SourceTitle "BritBase"]
[Source "www.saund.co.uk"]
[SourceDate "2018.02.10"]
[SourceVersion "1"]
[SourceVersionDate "2018.02.10"]
[SourceQuality "1"]

1. Nf3 g6 2. c4 c5 3. d4 cxd4 4. Nxd4 Nf6 5. Nc3 a6 6. e4 d6 7. Be2 Bg7 8. Be3
O-O 9. O-O Nc6 10. f3 Bd7 11. Qd2 Rc8 12. Rac1 Nxd4 13. Bxd4 Be6 14. b3 Ne8 15.
Bxg7 Nxg7 16. Kh1 Nh5 17. f4 Nf6 18. f5 Bd7 19. Qh6 e6 20. Rf4 Rc5 21. Rcf1
exf5 22. Rh4 Qe7 23. Nd5 Rxd5 24. cxd5 Rc8 25. Bd3 Rc3 26. Bc4 b5 27. Be2 fxe4
28. Qg5 Nxd5 29. Qxd5 1-0

[Event "Tradewise Gibraltar Masters 16th"]
[Site "Gibraltar"]
[Date "2018.01.25"]
[Round "3.133"]
[White "Bjerre, Tavs"]
[Black "Wilson, Matthew R"]
[Result "1-0"]
[WhiteElo "2071"]
[BlackElo "1782"]
[PlyCount "79"]
[EventDate "2018.01.23"]
[EventType "swiss"]
[EventRounds "10"]
[EventCountry "GGB"]
[SourceTitle "BritBase"]
[Source "www.saund.co.uk"]
[SourceDate "2018.02.10"]
[SourceVersion "1"]
[SourceVersionDate "2018.02.10"]
[SourceQuality "1"]

1. e4 c5 2. Nf3 e6 3. d4 cxd4 4. Nxd4 a6 5. Bd3 Qc7 6. O-O Nf6 7. Qe2 d6 8. c4
Nbd7 9. Nc3 b6 10. Be3 Be7 11. Rac1 Bb7 12. Rfd1 Rc8 13. f3 Qb8 14. Qf2 O-O 15.
Bf1 Rfe8 16. Kh1 h5 17. b3 Bd8 18. Nde2 Bc7 19. Qh4 d5 20. Nf4 d4 21. Rxd4 Bxf4
22. Bxf4 e5 23. Bg3 Nf8 24. Rd2 Ng6 25. Qg5 Nf4 26. Bxf4 exf4 27. Rcd1 Nh7 28.
Qxh5 g6 29. Qh4 g5 30. Qf2 Re6 31. Nd5 Bxd5 32. cxd5 Rh6 33. Bxa6 Rc3 34. d6
Qd8 35. Qd4 Rc5 36. b4 Rc6 37. e5 Nf8 38. Bb7 Ne6 39. Qf2 Rc3 40. Rc2 1-0

[Event "Tradewise Gibraltar Masters 16th"]
[Site "Gibraltar"]
[Date "2018.01.25"]
[Round "3.134"]
[White "Dasaolu, Rotimi"]
[Black "Francois-Haugrin, Said"]
[Result "1/2-1/2"]
[WhiteElo "2064"]
[BlackElo "1714"]
[PlyCount "141"]
[EventDate "2018.01.23"]
[EventType "swiss"]
[EventRounds "10"]
[EventCountry "GGB"]
[SourceTitle "BritBase"]
[Source "www.saund.co.uk"]
[SourceDate "2018.02.10"]
[SourceVersion "1"]
[SourceVersionDate "2018.02.10"]
[SourceQuality "1"]

1. Nf3 d5 2. d3 Bg4 3. Nbd2 Nf6 4. h3 Bxf3 5. Nxf3 h6 6. c3 Nbd7 7. Bf4 g6 8.
g4 e6 9. Bg2 Bg7 10. Qd2 c6 11. O-O Qe7 12. Ne5 Nxe5 13. Bxe5 Ne4 14. Qf4 Bxe5
15. Qxe5 Nf6 16. e4 O-O 17. exd5 cxd5 18. Rfe1 Rfe8 19. Rad1 Nd7 20. Qf4 g5 21.
Qg3 Qf6 22. Rf1 Qe5 23. f4 Qd6 24. Qf2 Qxf4 25. Qxf4 gxf4 26. Rxf4 Ne5 27. d4
Ng6 28. Rf6 Kg7 29. Rdf1 Re7 30. Kh2 b5 31. Kg3 Rc8 32. a3 a5 33. R6f3 Rb8 34.
Ra1 Reb7 35. Rff1 Rb6 36. Rfc1 Rc8 37. Bf1 Ne7 38. Bd3 Rc7 39. Kf4 Ng6+ 40. Ke3
f6 41. Rc2 e5 42. Bxg6 Kxg6 43. Rf2 e4 44. Rf5 Rd6 45. Rh5 Rc8 46. Rf1 Rb8 47.
Rff5 Rbd8 48. Rf2 Rb8 49. Rhf5 Rb7 50. h4 Rbb6 51. Kf4 b4 52. axb4 axb4 53. g5
bxc3 54. bxc3 fxg5+ 55. hxg5 hxg5+ 56. Rxg5+ Kf6 57. Rh2 Kf7 58. Rh7+ Kf6 59.
Rh8 Kf7 60. Rh7+ Kf8 61. Rgg7 Rd8 62. Rc7 Kg8 63. Rcg7+ Kf8 64. Rh8+ Kxg7 65.
Rxd8 Rb5 66. c4 dxc4 67. Kxe4 Rb1 68. Rc8 Rc1 69. d5 c3 70. Rc7+ Kf6 71. Kd3
1/2-1/2

[Event "Tradewise Gibraltar Masters 16th"]
[Site "Gibraltar"]
[Date "2018.01.25"]
[Round "3.135"]
[White "Arroyo Rodriguez, Jesus"]
[Black "Bullock, Lee"]
[Result "1-0"]
[WhiteElo "2057"]
[BlackElo "1572"]
[PlyCount "41"]
[EventDate "2018.01.23"]
[EventType "swiss"]
[EventRounds "10"]
[EventCountry "GGB"]
[SourceTitle "BritBase"]
[Source "www.saund.co.uk"]
[SourceDate "2018.02.10"]
[SourceVersion "1"]
[SourceVersionDate "2018.02.10"]
[SourceQuality "1"]

1. e4 d6 2. d4 Nd7 3. Nf3 h6 4. Bc4 Ngf6 5. e5 d5 6. Bb3 c5 7. exf6 c4 8. fxg7
Bxg7 9. Ba4 Qa5+ 10. c3 b5 11. Bc2 Nf6 12. Bf4 Bg4 13. h3 Bd7 14. Ne5 Bc8 15.
O-O Ne4 16. Nd2 Nxd2 17. Qxd2 Bf6 18. a4 Rg8 19. axb5 Qb6 20. Kh2 h5 21. Rfe1
1-0

[Event "Tradewise Gibraltar Masters 16th"]
[Site "Gibraltar"]
[Date "2018.01.25"]
[Round "3.136"]
[White "Klementys, Jerzy"]
[Black "Coleman, David J"]
[Result "0-1"]
[WhiteElo "1739"]
[BlackElo "2055"]
[PlyCount "60"]
[EventDate "2018.01.23"]
[EventType "swiss"]
[EventRounds "10"]
[EventCountry "GGB"]
[SourceTitle "BritBase"]
[Source "www.saund.co.uk"]
[SourceDate "2018.02.10"]
[SourceVersion "1"]
[SourceVersionDate "2018.02.10"]
[SourceQuality "1"]

1. d4 Nf6 2. c4 g6 3. Nf3 Bg7 4. Nc3 O-O 5. e4 d6 6. Be2 e5 7. d5 a5 8. O-O Na6
9. Ne1 Nc5 10. f3 Nfd7 11. Be3 f5 12. Nd3 Nxd3 13. Bxd3 f4 14. Bf2 g5 15. a3
Nf6 16. Be2 Rf7 17. b4 Bf8 18. c5 Rg7 19. cxd6 Bxd6 20. Bc5 h5 21. Bxd6 cxd6
22. bxa5 g4 23. Qb3 Nh7 24. fxg4 hxg4 25. g3 Ng5 26. Qb6 Qf6 27. Ra2 Rf7 28.
Rc1 Nh3+ 29. Kh1 fxg3 30. hxg3 Qh6 0-1

[Event "Tradewise Gibraltar Masters 16th"]
[Site "Gibraltar"]
[Date "2018.01.25"]
[Round "3.137"]
[White "Yilmaz, Kazim"]
[Black "Janiszewski, Maciej"]
[Result "0-1"]
[WhiteElo "1656"]
[BlackElo "2029"]
[PlyCount "74"]
[EventDate "2018.01.23"]
[EventType "swiss"]
[EventRounds "10"]
[EventCountry "GGB"]
[SourceTitle "BritBase"]
[Source "www.saund.co.uk"]
[SourceDate "2018.02.10"]
[SourceVersion "1"]
[SourceVersionDate "2018.02.10"]
[SourceQuality "1"]

1. e4 d5 2. exd5 Nf6 3. Nc3 Nxd5 4. Nxd5 Qxd5 5. Nf3 Bg4 6. d4 Nc6 7. c3 e5 8.
dxe5 Qxd1+ 9. Kxd1 Nxe5 10. Be2 O-O-O+ 11. Ke1 Nxf3+ 12. Bxf3 Bxf3 13. gxf3 Bc5
14. Be3 Rhe8 15. Ke2 f5 16. f4 g5 17. Kf3 g4+ 18. Ke2 Re4 19. Rad1 Rde8 20. Rd3
Rxf4 21. Kd2 Bxe3+ 22. fxe3 Rf2+ 23. Kc1 Rd8 24. Rd4 Rxd4 25. exd4 f4 26. a4 f3
27. b4 h5 28. a5 h4 29. c4 Rg2 30. Rf1 Rxh2 31. d5 Re2 32. c5 f2 33. Kd1 Ra2
34. d6 g3 35. dxc7 g2 36. Rxf2 g1=Q+ 37. Rf1 Qxf1# 0-1

[Event "Tradewise Gibraltar Masters 16th"]
[Site "Gibraltar"]
[Date "2018.01.26"]
[Round "4.2"]
[White "Duda, Jan-Krzysztof"]
[Black "Gledura, Benjamin"]
[Result "1/2-1/2"]
[WhiteElo "2724"]
[BlackElo "2612"]
[PlyCount "66"]
[EventDate "2018.01.23"]
[EventType "swiss"]
[EventRounds "10"]
[EventCountry "GGB"]
[SourceTitle "BritBase"]
[Source "www.saund.co.uk"]
[SourceDate "2018.02.10"]
[SourceVersion "1"]
[SourceVersionDate "2018.02.10"]
[SourceQuality "1"]

1. e4 e5 2. Nf3 Nc6 3. Bb5 a6 4. Ba4 Nf6 5. O-O Be7 6. Re1 b5 7. Bb3 O-O 8. c3
d6 9. h3 Bb7 10. d4 Re8 11. Nbd2 exd4 12. cxd4 Nd7 13. Nf1 Na5 14. Bc2 Bf6 15.
Rb1 c5 16. d5 Nc4 17. N3h2 Nde5 18. b3 Nb6 19. Ne3 Bc8 20. g3 a5 21. Kg2 a4 22.
f4 axb3 23. axb3 Ng6 24. Bd2 b4 25. Neg4 Bxg4 26. hxg4 h6 27. Re2 Ra2 28. Bd3
Qa8 29. Kh3 Qc8 30. Be3 Rxe2 31. Qxe2 Bc3 32. Bc2 Bd4 33. Nf1 h5 1/2-1/2

[Event "Tradewise Gibraltar Masters 16th"]
[Site "Gibraltar"]
[Date "2018.01.26"]
[Round "4.3"]
[White "Antipov, Mikhail Al"]
[Black "Howell, David W L"]
[Result "1/2-1/2"]
[WhiteElo "2588"]
[BlackElo "2682"]
[PlyCount "133"]
[EventDate "2018.01.23"]
[EventType "swiss"]
[EventRounds "10"]
[EventCountry "GGB"]
[SourceTitle "BritBase"]
[Source "www.saund.co.uk"]
[SourceDate "2018.02.10"]
[SourceVersion "1"]
[SourceVersionDate "2018.02.10"]
[SourceQuality "1"]

1. d4 Nf6 2. c4 g6 3. Nc3 d5 4. Qa4+ Bd7 5. Qd1 Bc8 6. Nf3 Bg7 7. h4 c6 8. Bf4
dxc4 9. e4 b5 10. a3 Bg4 11. Qd2 Bxf3 12. gxf3 Nh5 13. Be3 e5 14. dxe5 Qxd2+
15. Kxd2 Bxe5 16. a4 b4 17. Nd1 a5 18. Rc1 Nd7 19. Rxc4 O-O-O 20. Rxc6+ Kb7 21.
Rc1 Nc5+ 22. Kc2 Rc8 23. Bc4 Nxa4 24. Kb3 Nb6 25. Bxb6 Kxb6 26. Ne3 f6 27. Nd5+
Ka7 28. Bb5 Nf4 29. Ne7 Rxc1 30. Rxc1 Kb7 31. Rd1 Ne6 32. Rd7+ Kb6 33. Kc4 Nc7
34. Ba4 Rf8 35. b3 Rh8 36. Nc6 Rc8 37. Ne7 Rh8 38. Kd3 Bf4 39. Kd4 Ne6+ 40. Kc4
Nc7 41. Nc6 Rc8 42. Ne7 Rh8 43. Bc6 Rf8 44. Bd5 Bh2 45. Bg8 h5 46. Bf7 g5 47.
hxg5 fxg5 48. Bxh5 Rh8 49. Bg4 Re8 50. Bf5 Bf4 51. Bg4 Bh2 52. Nd5+ Nxd5 53.
Rxd5 Bf4 54. Rb5+ Ka6 55. Rc5 Kb6 56. Rb5+ Ka6 57. Bd7 Rd8 58. Bc6 Rc8 59. Kc5
Rb8 60. Rxb8 Bxb8 61. Ba4 Kb7 62. Kd5 Kc8 63. Ke6 Kd8 64. e5 Ba7 65. Kf6 Bd4
66. Bc6 Kc7 67. Ba4 1/2-1/2

[Event "Tradewise Gibraltar Masters 16th"]
[Site "Gibraltar"]
[Date "2018.01.26"]
[Round "4.4"]
[White "Vachier-Lagrave, Maxime"]
[Black "Batsiashvili, Nino"]
[Result "1-0"]
[WhiteElo "2793"]
[BlackElo "2504"]
[PlyCount "55"]
[EventDate "2018.01.23"]
[EventType "swiss"]
[EventRounds "10"]
[EventCountry "GGB"]
[SourceTitle "BritBase"]
[Source "www.saund.co.uk"]
[SourceDate "2018.02.10"]
[SourceVersion "1"]
[SourceVersionDate "2018.02.10"]
[SourceQuality "1"]

1. e4 e5 2. Nf3 Nc6 3. Bb5 a6 4. Ba4 d6 5. c3 Bd7 6. d4 g6 7. Bg5 f6 8. Be3 Nh6
9. Bb3 Bg7 10. a4 Qe7 11. O-O Nd8 12. c4 Ng4 13. Bc1 exd4 14. Nxd4 Nc6 15. Nc3
Qe5 16. Nf3 Qh5 17. c5 Qxc5 18. Nd5 Ne7 19. h3 Nxd5 20. Bxd5 c6 21. b4 Qb6 22.
Bb3 Ne5 23. Nxe5 fxe5 24. Qxd6 Qd4 25. Qc7 Rf8 26. Bg5 Bf6 27. Bxf6 Rxf6 28.
Rad1 1-0

[Event "Tradewise Gibraltar Masters 16th"]
[Site "Gibraltar"]
[Date "2018.01.26"]
[Round "4.5"]
[White "Grigoriants, Sergey"]
[Black "Aronian, Levon"]
[Result "1/2-1/2"]
[WhiteElo "2568"]
[BlackElo "2797"]
[PlyCount "86"]
[EventDate "2018.01.23"]
[EventType "swiss"]
[EventRounds "10"]
[EventCountry "GGB"]
[SourceTitle "BritBase"]
[Source "www.saund.co.uk"]
[SourceDate "2018.02.10"]
[SourceVersion "1"]
[SourceVersionDate "2018.02.10"]
[SourceQuality "1"]

1. e4 e5 2. Nf3 Nc6 3. Bb5 a6 4. Ba4 Nf6 5. O-O Be7 6. Re1 b5 7. Bb3 O-O 8. c3
d5 9. exd5 Nxd5 10. Nxe5 Nxe5 11. Rxe5 Bb7 12. d4 Bf6 13. Re1 Re8 14. Bd2 Rxe1+
15. Qxe1 Qd7 16. Na3 Re8 17. Qf1 Ne7 18. Re1 c5 19. Be3 cxd4 20. Bxd4 Bxd4 21.
cxd4 Rc8 22. Nc2 Bd5 23. Qd3 g6 24. h3 Bxb3 25. axb3 Rd8 26. Rd1 Nd5 27. Ne3
Qe6 28. Nxd5 Rxd5 29. Qe3 Qd7 30. Qe4 Kg7 31. h4 h5 32. g3 Qd6 33. Rd3 Qd8 34.
Kg2 Qd6 35. Rd1 Qd8 36. Kh2 Qd6 37. Kg1 a5 38. Kg2 Qd7 39. Rd2 Qd6 40. Rd3 Qd7
41. Qe1 a4 42. bxa4 bxa4 43. Qe4 Qd6 1/2-1/2

[Event "Tradewise Gibraltar Masters 16th"]
[Site "Gibraltar"]
[Date "2018.01.26"]
[Round "4.6"]
[White "Peralta, Fernando"]
[Black "Le, Quang Liem"]
[Result "1/2-1/2"]
[WhiteElo "2559"]
[BlackElo "2737"]
[PlyCount "54"]
[EventDate "2018.01.23"]
[EventType "swiss"]
[EventRounds "10"]
[EventCountry "GGB"]
[SourceTitle "BritBase"]
[Source "www.saund.co.uk"]
[SourceDate "2018.02.10"]
[SourceVersion "1"]
[SourceVersionDate "2018.02.10"]
[SourceQuality "1"]

1. d4 Nf6 2. c4 e6 3. Nc3 Bb4 4. e3 O-O 5. Bd3 d5 6. cxd5 exd5 7. Nge2 Re8 8.
O-O b6 9. f3 Bb7 10. a3 Bf8 11. e4 c5 12. Bg5 cxd4 13. Nxd5 Bxd5 14. exd5 Nbd7
15. Bb5 Re5 16. f4 Rxd5 17. Bc6 Rd6 18. Bxa8 Qxa8 19. Bxf6 Nxf6 20. Qd3 Ng4 21.
Ng3 Ne3 22. Rf2 Qc8 23. Nf1 g6 24. Re2 Qg4 25. Rf2 Qc8 26. Re2 Qg4 27. Rf2 Qc8
1/2-1/2

[Event "Tradewise Gibraltar Masters 16th"]
[Site "Gibraltar"]
[Date "2018.01.26"]
[Round "4.7"]
[White "Adams, Michael"]
[Black "Pichot, Alan"]
[Result "1/2-1/2"]
[WhiteElo "2709"]
[BlackElo "2552"]
[PlyCount "77"]
[EventDate "2018.01.23"]
[EventType "swiss"]
[EventRounds "10"]
[EventCountry "GGB"]
[SourceTitle "BritBase"]
[Source "www.saund.co.uk"]
[SourceDate "2018.02.10"]
[SourceVersion "1"]
[SourceVersionDate "2018.02.10"]
[SourceQuality "1"]

1. e4 c5 2. Nf3 Nc6 3. Bb5 d6 4. O-O Bd7 5. Re1 Nf6 6. c3 a6 7. Bf1 Bg4 8. h3
Bxf3 9. Qxf3 e6 10. d3 Be7 11. Nd2 O-O 12. Qe2 b5 13. a3 d5 14. g3 Qb6 15. Bg2
Rfd8 16. e5 Nd7 17. f4 a5 18. Nf3 d4 19. cxd4 cxd4 20. f5 Nc5 21. f6 gxf6 22.
exf6 Bxf6 23. Bg5 Bg7 24. Bxd8 Rxd8 25. Ng5 h6 26. Ne4 Nb3 27. Rad1 Ne7 28. Rf1
Nd5 29. Qh5 Qc7 30. g4 Ne3 31. g5 Rd5 32. h4 Rf5 33. Rxf5 exf5 34. gxh6 fxe4
35. hxg7 Kxg7 36. Qg5+ Kf8 37. Re1 exd3 38. Qh6+ Kg8 39. Qg5+ 1/2-1/2

[Event "Tradewise Gibraltar Masters 16th"]
[Site "Gibraltar"]
[Date "2018.01.26"]
[Round "4.8"]
[White "Baron, Tal"]
[Black "Rapport, Richard"]
[Result "1/2-1/2"]
[WhiteElo "2548"]
[BlackElo "2700"]
[PlyCount "97"]
[EventDate "2018.01.23"]
[EventType "swiss"]
[EventRounds "10"]
[EventCountry "GGB"]
[SourceTitle "BritBase"]
[Source "www.saund.co.uk"]
[SourceDate "2018.02.10"]
[SourceVersion "1"]
[SourceVersionDate "2018.02.10"]
[SourceQuality "1"]

1. d4 d5 2. c4 c6 3. Nf3 e6 4. Bg5 Be7 5. Bxe7 Qxe7 6. Nbd2 Nf6 7. g3 O-O 8.
Bg2 Rd8 9. Qc2 b6 10. O-O Bb7 11. Rfe1 Na6 12. e4 Nb4 13. Qb1 dxe4 14. Nxe4 c5
15. Nh4 Nxe4 16. Bxe4 Bxe4 17. Qxe4 cxd4 18. a3 Na6 19. b4 Rac8 20. Nf3 Nb8 21.
Rac1 a5 22. b5 Nd7 23. Nxd4 Qxa3 24. Nc6 Re8 25. Qd4 Rc7 26. Qf4 e5 27. Qd2 Qc5
28. Re3 e4 29. Qd5 Qxd5 30. cxd5 Kf8 31. d6 Rb7 32. Ne7 Nc5 33. Nd5 Re5 34. Nc7
g5 35. f3 a4 36. Rd1 Rb8 37. Rd4 Rd8 38. fxe4 f5 39. Rf3 Nxe4 40. Rxf5+ Rxf5
41. Ne6+ Ke8 42. Rxe4 Kd7 43. Nxd8 Kxd8 44. Rxa4 Kd7 45. Ra7+ Kxd6 46. Rxh7
Rxb5 47. h4 gxh4 48. Rh6+ Ke7 49. gxh4 1/2-1/2

[Event "Tradewise Gibraltar Masters 16th"]
[Site "Gibraltar"]
[Date "2018.01.26"]
[Round "4.9"]
[White "Gelfand, Boris"]
[Black "Lalith, Babu M R"]
[Result "1/2-1/2"]
[WhiteElo "2697"]
[BlackElo "2542"]
[PlyCount "61"]
[EventDate "2018.01.23"]
[EventType "swiss"]
[EventRounds "10"]
[EventCountry "GGB"]
[SourceTitle "BritBase"]
[Source "www.saund.co.uk"]
[SourceDate "2018.02.10"]
[SourceVersion "1"]
[SourceVersionDate "2018.02.10"]
[SourceQuality "1"]

1. d4 Nf6 2. c4 e6 3. Nf3 b6 4. g3 Ba6 5. b3 Bb4+ 6. Bd2 Be7 7. Nc3 d5 8. cxd5
exd5 9. Bg2 O-O 10. O-O Re8 11. Ne5 Bb7 12. Qc2 Nbd7 13. Rad1 c6 14. e4 Nf8 15.
Be3 Ne6 16. exd5 cxd5 17. Qb2 Rc8 18. Rc1 Ne4 19. Rfd1 Nxc3 20. Rxc3 Rxc3 21.
Qxc3 Bf6 22. f4 g6 23. Rc1 Qd6 24. Qd2 Rc8 25. Rxc8+ Bxc8 26. b4 Be7 27. b5 a6
28. Qc3 Bb7 29. a4 axb5 30. axb5 Nc7 31. Bf1 1/2-1/2

[Event "Tradewise Gibraltar Masters 16th"]
[Site "Gibraltar"]
[Date "2018.01.26"]
[Round "4.10"]
[White "Sutovsky, Emil"]
[Black "Muzychuk, Mariya"]
[Result "1-0"]
[WhiteElo "2673"]
[BlackElo "2540"]
[PlyCount "83"]
[EventDate "2018.01.23"]
[EventType "swiss"]
[EventRounds "10"]
[EventCountry "GGB"]
[SourceTitle "BritBase"]
[Source "www.saund.co.uk"]
[SourceDate "2018.02.10"]
[SourceVersion "1"]
[SourceVersionDate "2018.02.10"]
[SourceQuality "1"]

1. e4 c6 2. d4 d5 3. e5 Bf5 4. h4 h5 5. c4 e6 6. Nc3 Ne7 7. Nge2 Nd7 8. Ng3 Bg6
9. Bg5 Qb6 10. Rc1 dxc4 11. Bxc4 Nf5 12. Nxf5 Bxf5 13. O-O Be7 14. Bxe7 Kxe7
15. Qd2 Rhd8 16. Na4 Qc7 17. Qg5+ Kf8 18. Qxh5 Kg8 19. Rfd1 Nb6 20. Nc5 Nxc4
21. Rxc4 Rd5 22. Qg5 f6 23. Qh5 Qe7 24. g4 g6 25. Qh6 Bxg4 26. Ne4 Rf8 27.
Qxg6+ Qg7 28. Nxf6+ Rxf6 29. Qxg7+ Kxg7 30. exf6+ Kxf6 31. f3 Bf5 32. Kf2 Bg6
33. Rc5 Rd6 34. h5 b6 35. Re5 Bc2 36. Rd2 Bf5 37. Re1 Kg5 38. Ke3 Kh6 39. Rg1
Rd5 40. Rg8 Bb1 41. Re8 Rd6 42. Rg2 1-0

[Event "Tradewise Gibraltar Masters 16th"]
[Site "Gibraltar"]
[Date "2018.01.26"]
[Round "4.11"]
[White "Saric, Ivan"]
[Black "Swapnil, S. Dhopade"]
[Result "1-0"]
[WhiteElo "2664"]
[BlackElo "2533"]
[PlyCount "77"]
[EventDate "2018.01.23"]
[EventType "swiss"]
[EventRounds "10"]
[EventCountry "GGB"]
[SourceTitle "BritBase"]
[Source "www.saund.co.uk"]
[SourceDate "2018.02.10"]
[SourceVersion "1"]
[SourceVersionDate "2018.02.10"]
[SourceQuality "1"]

1. e4 c5 2. Nf3 d6 3. g3 Nc6 4. Bg2 Nf6 5. d3 g6 6. O-O Bg7 7. Re1 O-O 8. c3
Bg4 9. h3 Bxf3 10. Qxf3 Rb8 11. Be3 Nd7 12. a4 a6 13. Qd1 Qc7 14. Nd2 b5 15.
axb5 axb5 16. Rc1 b4 17. d4 bxc3 18. bxc3 Rfc8 19. Bf1 Na5 20. Qa4 Ra8 21. Ra1
Qd8 22. Qb5 Rcb8 23. Qd3 cxd4 24. cxd4 Nc6 25. Rxa8 Rxa8 26. Rc1 Rc8 27. Qa6
Rc7 28. d5 Nd4 29. Rxc7 Qxc7 30. Qa4 e5 31. Bxd4 exd4 32. Qc6 Qa7 33. Qxd6 d3
34. Kg2 Bc3 35. Nf3 d2 36. Be2 Qa4 37. Qc7 Qxe4 38. Qxd7 Qxe2 39. Qc8+ 1-0

[Event "Tradewise Gibraltar Masters 16th"]
[Site "Gibraltar"]
[Date "2018.01.26"]
[Round "4.12"]
[White "Mikhalevski, Victor"]
[Black "Akobian, Varuzhan"]
[Result "1/2-1/2"]
[WhiteElo "2538"]
[BlackElo "2647"]
[PlyCount "210"]
[EventDate "2018.01.23"]
[EventType "swiss"]
[EventRounds "10"]
[EventCountry "GGB"]
[SourceTitle "BritBase"]
[Source "www.saund.co.uk"]
[SourceDate "2018.02.10"]
[SourceVersion "1"]
[SourceVersionDate "2018.02.10"]
[SourceQuality "1"]

1. d4 Nf6 2. Nf3 b6 3. b3 Bb7 4. e3 c5 5. Bb2 e6 6. Bd3 Be7 7. Nbd2 O-O 8. O-O
d6 9. Qe2 Nbd7 10. c4 d5 11. Rfd1 Rc8 12. Rac1 cxd4 13. Nxd4 Nc5 14. Bb1 Qd7
15. N4f3 Rfd8 16. e4 dxc4 17. Nxc4 Qc7 18. Rxd8+ Rxd8 19. Nce5 Qd6 20. Ng5 Rf8
21. Rd1 Qc7 22. Rc1 a5 23. Nexf7 Rxf7 24. e5 Qc6 25. f3 Nd5 26. Bxh7+ Kh8 27.
Nxf7+ Kxh7 28. Qc2+ g6 29. Qd2 Kg7 30. Nd6 Ba6 31. Bd4 Qa8 32. Bxc5 bxc5 33.
Qxa5 Bg5 34. Rc4 Qc6 35. Qa4 Be3+ 36. Kh1 Qxa4 37. Rxa4 Bf1 38. Ra7+ Kg8 39. g3
Bh3 40. Ne4 Nb4 41. Rd7 Nxa2 42. Rd8+ Kg7 43. Rd3 Bd4 44. Rd2 Nc1 45. Ng5 Nxb3
46. Ra2 Bf5 47. g4 Be3 48. Ra7+ Kg8 49. Ra8+ Kg7 50. Ra7+ Kg8 51. Ra8+ Kg7 52.
gxf5 Bxg5 53. fxe6 Nd4 54. f4 Bh4 55. Re8 g5 56. f5 Nxf5 57. e7 Kf7 58. Rf8+
Kxe7 59. Rxf5 Ke6 60. Rf8 Kxe5 61. Kg2 g4 62. Rc8 Kd5 63. Rg8 c4 64. Kf1 c3 65.
Ke2 Bf6 66. Rxg4 Ke5 67. Kf3 Kf5 68. Rf4+ Ke6 69. Ra4 Bg5 70. Ra6+ Kf5 71. Ra5+
Kg6 72. Kg4 Bd2 73. Ra6+ Kg7 74. Rc6 Kf7 75. Kf5 Kg7 76. Rc8 Kh7 77. Kf6 Be1
78. Rc4 Bd2 79. h3 Be1 80. Rg4 Bd2 81. Rg7+ Kh6 82. Rc7 Bg5+ 83. Kf5 Bd2 84.
Kf6 Kh5 85. Rc4 Be1 86. Ke6 Kg5 87. Rg4+ Kh5 88. Kf5 Bd2 89. Rc4 Be1 90. Rc8
Kh4 91. Rh8+ Kg3 92. Ke4 Bd2 93. Kd3 Kh2 94. Ke2 Kg3 95. Rh7 Kh2 96. Rh4 Kg3
97. Rc4 Kxh3 98. Kf2 Bg5 99. Kf3 Bd2 100. Rc8 Kh2 101. Kf2 Kh3 102. Rc4 Bg5
103. Rxc3+ Kg4 104. Rg3+ Kf4 105. Rxg5 Kxg5 1/2-1/2

[Event "Tradewise Gibraltar Masters 16th"]
[Site "Gibraltar"]
[Date "2018.01.26"]
[Round "4.13"]
[White "Sethuraman, SP."]
[Black "Antal, Gergely"]
[Result "1/2-1/2"]
[WhiteElo "2646"]
[BlackElo "2522"]
[PlyCount "113"]
[EventDate "2018.01.23"]
[EventType "swiss"]
[EventRounds "10"]
[EventCountry "GGB"]
[SourceTitle "BritBase"]
[Source "www.saund.co.uk"]
[SourceDate "2018.02.10"]
[SourceVersion "1"]
[SourceVersionDate "2018.02.10"]
[SourceQuality "1"]

1. e4 c5 2. Nf3 e6 3. d4 cxd4 4. Nxd4 Nc6 5. Nc3 Qc7 6. Be3 a6 7. Qf3 Ne5 8.
Qg3 h5 9. f4 h4 10. Qh3 Nc4 11. Bxc4 Qxc4 12. O-O-O b5 13. Kb1 Bb7 14. Rhe1 Rc8
15. Bc1 Qc7 16. e5 Bc5 17. Nb3 Ne7 18. Nxc5 Qxc5 19. Qd3 Rc7 20. Ne4 Bxe4 21.
Rxe4 O-O 22. c3 Qc6 23. g4 Rd8 24. Rd4 Qg2 25. h3 Nd5 26. Rd2 Qh1 27. Rd1 Qg2
28. Qd2 Qxd2 29. Bxd2 Rdc8 30. Be1 Rc4 31. f5 Ne3 32. R1d3 Rxd4 33. cxd4 Nd5
34. Bxh4 Nf4 35. Rd1 Nxh3 36. Bg3 Ng5 37. Bf4 Ne4 38. Be3 d5 39. Rf1 Rc4 40.
Rd1 exf5 41. gxf5 Ng3 42. f6 Nf5 43. Bg1 gxf6 44. exf6 Kh7 45. Re1 Kg6 46. Re5
Nxd4 47. Rxd5 Nf5 48. Bc5 Kxf6 49. b4 Re4 50. Kb2 Re6 51. a4 bxa4 52. Ka3 Ne3
53. Rd8 Kg5 54. Kxa4 f5 55. Rd6 Rxd6 56. Bxd6 f4 57. Bxf4+ 1/2-1/2